Les 15 joueurs les plus capés du XV de France - Statistiques

Statistiques générales
  • Ce quiz a été pris 43 fois
  • Le résultat moyen est 6 sur 15
Statistiques - réponses
Années Caps Joueurs % Correct
1995-2007 118 Fabien Pelous
77%
2013- 94 Gaël Fickou
74%
1980-1991 93 Serge Blanco
67%
2001-2015 77 Frédéric Michalak
64%
2006-2015 80 Thierry Dusautoir
64%
1996-2007 98 Raphaël Ibañez
49%
2003-2015 85 Nicolas Mas
41%
1982-1995 111 Philippe Sella
41%
2002-2012 82 Imanol Harinordoquy
23%
2008-2019 82 Louis Picamoles
23%
1990-2001 78 Abdelatif Benazzi
18%
1997-2007 89 Olivier Magne
15%
2001-2011 86 Damien Traille
13%
2004-2015 83 Dimitri Szarzewski
10%
1998-2011 84 Sylvain Marconnet
8%
Aucun quiz correspondant
Distribution des résultats
% des personnes avec chaque résultat
Percentile par nombre de réponses
Votre historique - résultats
Vous n’avez pas pris ce quiz